000 00676cam a22002533a 4500
001 12264
003 PGUSA
005 20140828083247.0
008 040501s2004||||xxu|||||s|||||000 | eng d
040 _aPGUSA
_beng
042 _adc
050 4 _aBD
100 1 _aBenson, Arthur Christopher,
_d1862-1925
245 1 0 _aFather Payne
_h[electronic resource] /
_cArthur Christopher Benson
260 _bProject Gutenberg,
_c2004
506 _aPublic domain in the USA.
516 _aElectronic text
653 _aPhilosophy
653 _aLife
653 _aEthics
830 0 _aProject Gutenberg
_v12264
856 4 0 _uhttp://www.gutenberg.org/ebooks/12264
942 _cEB
999 _c241519
_d241519